Účtovný informačný systém ako východisko pre zistenie základu dane fyzických osôb a právnických osôb v podmienkach Slovenskej republiky diplomová práca

Uložené v:
Podrobná bibliografia
Hlavný autor: Vímiová, Silvia
Korporativný autor: Fakulta hospodárskej informatiky EU. Katedra účtovníctva a audítorstva
Ďalší autori: Vašeková, Miroslava, 1978-
Médium: Kniha
Jazyk:Slovak
Vydavateľské údaje: Bratislava 2011
Tagy: Pridať tag
Žiadne tagy, Buďte prvý, kto otaguje tento záznam!

MARC

LEADER 00000nbm a2200000 4500
001 0140784
005 20161109101950.3
041 0 |a slo 
044 |a SK 
245 1 0 |a Účtovný informačný systém ako východisko pre zistenie základu dane fyzických osôb a právnických osôb v podmienkach Slovenskej republiky  |b diplomová práca  |c Silvia Vímiová ; školiteľ: Miroslava Vašeková 
264 1 |a Bratislava  |c 2011 
300 |a 64 s. 
100 1 |a Vímiová, Silvia 
700 1 |a Vašeková, Miroslava, 1978- 
710 2 |a Fakulta hospodárskej informatiky EU. Katedra účtovníctva a audítorstva